Varietätenreiches Deutsch als Unterrichtssprache in der Auslandsgermanistik

Gespeichert in:
Bibliographische Detailangaben
1. Verfasser: Adamcová, Lívia
Format: Buchkapitel
Sprache:Deutsch
Schlagworte:
Tags: Tag hinzufügen
Keine Tags, Fügen Sie das erste Tag hinzu!

MARC

LEADER 00000nla a2200000 4500
001 0241363
005 20241121130107.1
041 0 |a ger 
044 |a SK 
245 1 0 |a Varietätenreiches Deutsch als Unterrichtssprache in der Auslandsgermanistik  |c Lívia Adamcová 
610 2 0 |a vzdelávanie 
610 2 0 |a vyučovanie 
610 2 0 |a jazyky cudzie 
610 2 0 |a nemčina 
610 2 0 |a zásoba slovná 
610 2 0 |a zahraničie 
100 1 |a Adamcová, Lívia